000
00306nam a2200121Ia 4500
008
150731s2009 xx 000 0 und d
082
_a
610
_b
A 09 S
100
_a
SHARMA, JAGDEESH PRASAD
245
_a
AYURVED CHIKITSA SUTRA
260
_b
CHAUKHAMBHA PUB. NEW DELHI
_c
2009
300
_a
373
942
_2
ddc
_c
BK
999
_c
7918
_d
7918